000 00415nam a22001577a 4500
020 _a0072316918
040 _cNUST
082 _a512
_bSTR
100 _aJames Streeter
_9125655
110 _aDonald Hutchison, Barry Bergman, Louis Hoelzle
_9125656
245 _aIntermediate Algebra
250 _aFourth Edition
260 _aAmerica:
_bMcGraw Hill,
_c2001.
650 _2Intermediate Algebra
942 _2ddc
_cBK
999 _c611376
_d611376